Analisis kesilapan leksikal dalam karangan bahasa Arab /
Saved in:
| Main Author: | |
|---|---|
| Format: | Thesis Book |
| Language: | Malay |
| Published: |
2006.
|
| Subjects: | |
| Tags: |
Add Tag
No Tags, Be the first to tag this record!
|
| LEADER | 01061cam a2200265 a 4500 | ||
|---|---|---|---|
| 001 | u735585 | ||
| 003 | SIRSI | ||
| 005 | 200703220945 | ||
| 008 | 070322s2006 my a t 000 0 may m | ||
| 040 | |a UMB |d UMM | ||
| 090 | |a P121 |b UMP 2006 Cherm | ||
| 093 | |a P121 |b UMP 2006 Cherm | ||
| 100 | 0 | |a Che Radiah Mezah. | |
| 245 | 1 | 0 | |a Analisis kesilapan leksikal dalam karangan bahasa Arab / |c Che Radiah bte. Mezah. |
| 260 | |c 2006. | ||
| 300 | |a xxi, 387 leaves : |b ill. ; |c 30 cm. | ||
| 502 | |a Thesis (Ph.D.) -- Fakulti Bahasa dan Linguistik, Universiti Malaya, 2007. | ||
| 504 | |a Bibliography: leaves 310-324. | ||
| 650 | 0 | |a Arabic language |x Lexicology. | |
| 650 | 0 | |a Arabic language |x Error of usage. | |
| 710 | 2 | |a Universiti Malaya. |b Fakulti Bahasa dan Linguistik. | |
| 596 | |a 1 6 | ||
| 900 | |a SK | ||
| 999 | |a P121 UMP 2006 CHERM |w LC |c 1 |i A512908286 |d 28/2/2019 |e 28/2/2019 |f 13/9/2007 |g 1 |l STACKS |m P01UTAMA |n 101 |r Y |s Y |t TESIS |u 13/9/2007 | ||
| 999 | |a P121 UMP 2006 CHERM |w LC |c 1 |i A512805815 |d 19/8/2015 |e 19/8/2015 |f 12/11/2007 |g 1 |l STACKS |m P06BAHASA |n 9 |r Y |s Y |t TESIS |u 12/11/2007 | ||
